Men and machines

Na minha lista:
Detalhes bibliográficos
Autor principal: Chase, Stuart
Formato: Livro
Idioma:Undetermined
Publicado em: New York The Macmillan Company 1929
Assuntos:
Tags: Adicionar Tag
Sem tags, seja o primeiro a adicionar uma tag!
Thư viện lưu trữ: Trung tâm Học liệu Trường Đại học Cần Thơ
LEADER 00520nam a2200181Ia 4500
001 CTU_218784
008 210402s9999 xx 000 0 und d
082 |a 620.82 
082 |b C487 
100 |a Chase, Stuart 
245 0 |a Men and machines 
245 0 |c Stuart Chase 
260 |a New York 
260 |b The Macmillan Company 
260 |c 1929 
650 |a Hệ thống máy nhân lực.,Human-machine systems. 
904 |i Thủy Vy, Tuyến 
980 |a Trung tâm Học liệu Trường Đại học Cần Thơ